000 00487nam a22001937a 4500
999 _c7642
_d7642
003 Ost
005 20200114141307.0
008 200114b ||||| |||| 00| 0 eng d
020 _a0852265050
040 _cBT-PhCST
050 _aD4177
082 _222
_a621.382
_bLAT
100 _aLathi, B. P.
245 _aCommunication systems /
260 _aNew Delhi :
_bWiley Easter Limited,
_cc1968.
300 _ax, 431 p. :
_bill. ;
_c21 cm.
500 _aIncludes index.
942 _2ddc
_cECE